Normal view
MARC view
Entry Personal Name
001 - CONTROL NUMBER
- control field: 6693
003 - CONTROL NUMBER IDENTIFIER
- control field: BD-RjUL
005 - DATE AND TIME OF LATEST TRANSACTION
- control field: 20230123171812.0
008 - FIXED-LENGTH DATA ELEMENTS
- fixed length control field: 230123|| aca||aabn | a|a d
040 ## - CATALOGING SOURCE
- Original cataloging agency: BD-RjUL
- Transcribing agency: BD-RjUL
100 ## - HEADING--PERSONAL NAME
- Personal name: Sultana, Razina
670 ## - SOURCE DATA FOUND
- Source citation: Work cat.: (BD-RjUL)81122: Sultana, Razina, Child caring and career limitations among the working mothers in Dhaka City /, 2012